Представление документа в формате RUSMARC

ПолеНазваниеЗначение
  Тип записи a
  Библиографический уровень m
001 Контрольный номер RU/IS/BASE/401189394
005 Дата корректировки 20201206204837.0
010 Индекс ISBN __
a ISBN 978-5-7516-0878-1
d Цена 99-77
101 Язык документа 1_
a Язык текста rus
c Язык оригинала ger
200 Заглавие и сведения об ответственности 1_
a Заглавие Погода массового поражения
e Сведения, относящиеся к заглавию роман
f Первые сведения об ответственности Дитмар Дат ; пер. с нем. Сергея Ташкенова
b Общее обозначение материала Текст
210 Выходные данные __
a Место издания М.
c Издательство Текст
d Дата издания 2010
215 Физическое описание __
a Объем 284, [3] с.
225 Серия __
a Серия Первый ряд: современная зарубежная проза
330 Аннотация __
a Аннотация Роман современного немецкого писателя Дитмара Дата "Погода массового поражения" - своеобразный дневник чувств и мыслей девятнадцатилетней Клавдии Старик, поданный в несколько непривычной, но весьма изящной художественной форме. Клавдия считает себя вполне обычной немецкой девушкой, отличающейся от своих подруг лишь наличием дедушки-коммуниста Константина Старика... Однако позже ей предстоит узнать свое истинное происхождение и предназначение. Для этого ей придется отправиться на Аляску и погрузиться в тайны секретного проекта американских военных - HAARP.
333 Примечание о целевом назначении __
a Примечание о целевом назначении 16+. Для детей старше 16 лет
606 Тематические рубрики __
a Основная рубрика Художественная литература
606 Тематические рубрики __
a Основная рубрика Литература Европы (произведения)
610 Ключевые слова __
a Ключевые слова романы; проза; современная проза; зарубежная литература; иностранная литература; немецкая литература
686 Индексы других классификаций __
a Классификационный индекс 84(4Гем)-4
700 Автор _1
a Фамилия Дат
b Имя Д.
g Полное личное имя Дитмар
4 Код отношения 070
702 Вторичная интеллектуальная ответственность _1
a Фамилия Ташкенов
b Имя С.
4 Код отношения Переводчик
4 Код отношения 730
801 Источник записи _0
a Страна RU
b Организация Муниципальное бюджетное учреждение культуры "Централизованная библиотечная система" г. Сургут (Центральная городская библиотека им. А. С. Пушкина)
g Правила каталогизации КиК/Лукашук
801 Источник записи _1
a Страна RU
b Организация Муниципальное бюджетное учреждение культуры "Централизованная библиотечная система" г. Сургут (Центральная городская библиотека им. А. С. Пушкина)
g Правила каталогизации КиК/Лукашук
852 Данные о местонахождении __
j Шифр хранения 84(4Гем)-4
i Авторский знак Д 20
901 Тип документа __
t Тип документа m
903 Характеристики (МАРС) __
a Дата передачи 20120917
990 Данные о заказе (DOS) __
j Количество экземпляров (DOS) 6
t N записи в КСУ для И/У (DOS) 201209